00530 a2200169 4500010001400000020002300014035001300037037001500050082001100065100001500076245005200091250001200143260004800155270009100203300002500294500004100319 aENG-87952 a818318734Xc650.00 aEN-71485 bDBAD / PUB14a370.191 aSyed, M.H.1 aEducation and national concerns /cby M.H. Syed aIst ed. aNew DelhibHimalaya Publishing Housec2007 aPooja Apartments, 4-B, Murari Lal Street, Ansari Road, Darya GanjbNew Delhie110 002 a394 p.c21 cm ( Hb.) aIncludes bibliograpgical references